00357nam a2200145Ia 4500008004100000041000800041082001700049100001100066245001900077260004500096300000900141500001900150650001400169700002800183230125s9999 xx 000 0 und d aeng a330.954bDAT aDatt R aIndian economy c2006bS. Chand & Company Ltd.aNew Delhi a843p aIndian Economy aEconomics aDatt R & Sukharam K P M